000 01232cam a2200265 4500
001 ABS65159
008 020226n2002 000 0 eng u
035 _a(Sirsi) u116849
100 _aHighmore, R
245 _aBuying time to negotiate
260 _c2002
490 _aSolicitors' Journal
_v146(2) 18 January 2002, 39-40(2)
520 _aOutlines measures landlords can adopt to avoid giving security of tenure inadvertently while negotiating new or extended leases, protection an occupier can acquire under Pt II Landlord and Tenant Act 1954. Cites several cases including recent "Cricket Ltd v Shaftesbury plc" , where a term of less than six months was granted, to avoid protection. Amendments to th Act are currently being considered, which may remove some of these difficulties.
590 _aABS
650 _aLANDLORD AND TENANT ACT 1954 PT II
650 _aCRICKET LTD V SHAFTESBURY
650 _aJAVAD V AQIL
650 _aCARDIOTHORACIC INSTITUTE V SHREWDCREST LTD
650 _aWALJI V MOUNT COOK LAND LTD
650 _aLONDON BAGGAGE CO (CHARING CROSS) LTD V RAILTRACK PLC
650 _aLANDLORD AND TENANT ACT 1730
690 _aLandlord and tenant
_96252
700 _aClutton, G.
942 _n0
999 _c69592
_d69592